| 000 | 00542nam a2200181Ia 4500 | ||
|---|---|---|---|
| 003 | GCL | ||
| 008 | 140319s9999 xx 000 0 eng d | ||
| 040 |
_aGCL / _cGCL |
||
| 082 | 0 | 4 |
_a004.03 _bH N |
| 100 | 1 | _aHADDAD, E. W | |
| 245 | 1 | 0 |
_aA NEW DICTIONARY OF COMPUTER AND DATA PROCESSING TERMS: ENGLISH - ARABIC / _cHADDAD, E. W |
| 260 |
_a[S.N] : _bLIBRAIRE DU LIBAN ، _c1988 |
||
| 300 | _a420 P | ||
| 650 | 0 | 4 | _aشعر الحرب |
| 650 | 0 | 4 | _aCOMPUTER SCIENCE - DICTIONARY |
| 650 | 0 | 4 | _aDATA PROCESSING - DICTIONARIES |
| 942 |
_2ddc _cBK |
||
| 999 |
_c16082 _d16082 |
||